=LDR 00000nam 2200000 4500 =001 INLIS000000000037130 =005 20130612142857 =008 ***********************************Ind** =035 ##$$0010-061300000037130 =041 ##$$a Ind =082 ##$$a 155.53 =090 ##$$a 155.53, Fau g =100 ##$$a Fauziah, Nurul =245 ##$$a Gue gak cupu, Nurul Fauziah ; editor, Triani Retno A =260 ##$$a 2010 $b Jakarta =300 ##$$a viii, 204 hlm, ilus, 21 cm =650 ##$$a Psikologi remaja =700 ##$$a Retno, Triani =850 ##$$a NBPNMAT